Optoelectronics Vol.1 / (Record no. 592465)
[ view plain ]
| 000 -LEADER | |
|---|---|
| fixed length control field | 01014cam a2200229 a 4500 |
| 001 - CONTROL NUMBER | |
| control field | 1638115 |
| 003 - CONTROL NUMBER IDENTIFIER | |
| control field | NUST |
| 005 - DATE AND TIME OF LATEST TRANSACTION | |
| control field | 20221123112502.0 |
| 008 - FIXED-LENGTH DATA ELEMENTS--GENERAL INFORMATION | |
| fixed length control field | 961203m19979999inua 000 0 eng |
| 010 ## - LIBRARY OF CONGRESS CONTROL NUMBER | |
| LC control number | 96072184 |
| 020 ## - INTERNATIONAL STANDARD BOOK NUMBER | |
| International Standard Book Number | 0790610914 |
| 040 ## - CATALOGING SOURCE | |
| Original cataloging agency | DLC |
| Transcribing agency | DLC |
| Modifying agency | DLC |
| 082 00 - DEWEY DECIMAL CLASSIFICATION NUMBER | |
| Classification number | 621.381045,MAR |
| 100 1# - MAIN ENTRY--PERSONAL NAME | |
| Personal name | Martin, Vaughn, |
| Dates associated with a name | 1946- |
| 9 (RLIN) | 103406 |
| 245 10 - TITLE STATEMENT | |
| Title | Optoelectronics Vol.1 / |
| Statement of responsibility, etc. | Vaughn D. Martin. |
| 260 ## - PUBLICATION, DISTRIBUTION, ETC. | |
| Place of publication, distribution, etc. | Indianapolis, IN : |
| Name of publisher, distributor, etc. | Prompt Publications, |
| Date of publication, distribution, etc. | c1997-<c1998>. |
| 300 ## - PHYSICAL DESCRIPTION | |
| Extent | v. <1-3> : |
| Other physical details | ill. ; |
| Dimensions | 28 cm. |
| 505 ## - FORMATTED CONTENTS NOTE | |
| Formatted contents note | Optoelectronic terminology and concepts (Page-7), Optoelectronic semiconductor phenomena (Page-23), Measuring testing Optoelectronic devices (Page-45), Visible light emitting sources (Page-67), Photocells, Photodiodes and Photomultipliers (Page-137), Color display systems (Page-167), LED secondary optics (Page-181), Basic optical math and concepts of optics (Page-203), |
| 650 #0 - SUBJECT ADDED ENTRY--TOPICAL TERM | |
| Topical term or geographic name entry element | Optoelectronic devices. |
| 9 (RLIN) | 41550 |
| 650 #0 - SUBJECT ADDED ENTRY--TOPICAL TERM | |
| Topical term or geographic name entry element | Optoelectronics. |
| 9 (RLIN) | 55912 |
| 942 ## - ADDED ENTRY ELEMENTS (KOHA) | |
| Source of classification or shelving scheme | |
| Koha item type | Book |
| Withdrawn status | Lost status | Source of classification or shelving scheme | Damaged status | Not for loan | Permanent Location | Current Location | Shelving location | Date acquired | Total Checkouts | Full call number | Barcode | Date last seen | Price effective from | Koha item type | Public note |
|---|---|---|---|---|---|---|---|---|---|---|---|---|---|---|---|
| Military College of Signals (MCS) | Military College of Signals (MCS) | General Stacks | 11/23/2022 | 621.381045,MAR | MCS31866 | 11/23/2022 | 11/23/2022 | Book | Almirah No.32, Shelf No.1 |
